Graph theory with applications /

Guardado en:
Autor Principal: Bondy, J. A.
Otros Autores: Murty, U. S. R.
Formato: Libro
Idioma:English
Publicado: New York : American Elsevier, 1976.
Etiquetas: Agregar Etiqueta
Sin Etiquetas, Sea el primero en etiquetar este registro!
LEADER 00644nam a22001935a 4500
001 MAT.inmabb003149
008 051029s1976####nyua#####b####001#0#eng#d
005 20130304162117.0
245 1 0 |a Graph theory with applications /  |c J. A. Bondy and U. S. R. Murty. 
260 |a New York :  |b American Elsevier,  |c 1976. 
300 |a x, 264 p. :  |b il. ;  |c 24 cm. 
500 |a Publicado originalmente: London : Macmillan, 1976. 
504 |a Bibliografía: p. [254]-255. 
510 4 |a MR,  |c 54 #117 
020 |a 0444194517 
100 1 |a Bondy, J. A.  |q (John Adrian) 
700 1 |a Murty, U. S. R. 
084 |a 05Cxx (94A20)  |2 MR 
859 |h 05  |i B711  |p A-4683  |b BIB. MATEMATICA